000 01031nam a2200301 i 4500
003 CO-BoRNBP
005 20240725103003.0
007 ta
008 240725s2015 |||a|||| |||| 00| 0 spa d
020 _a9789587667943
040 _aCO-BoRNBP
_bSpa
_cCO-BoRNBP
_drda
041 1 _aespañol
_heng
043 _as-ck---
084 _aC MOO
100 _aMoore, Andrea
_eTraducción
_941749
245 1 _aTe quiero tanto así
_bUn tierno cuento para la persona que amas
_cEdición: Diana López de Mesa O. Ilustraciones, James Newman Gray; Traducción: Andrea Moure
250 _aPrimera edición
264 1 _aBogotá, Colombia
_bPanamerica
_c2015
264 4 _c©2015
300 _a22 páginas sin numerar
_bilustraciones a color
_calto 20cm ancho 20cm
336 _2rdacontent
_atexto
_btxt
337 _2rdamedia
_asin mediación
_bn
338 _2rdacarrier
_avolumen
_bnc
650 1 7 _2LEMB
_aLiteratura infantil
_92746
650 1 7 _2LEMB
_aCuento infantil
_916411
650 1 7 _2LEMB
_aamor/ternura
_941750
942 _2ddc
_cBKINF
999 _c38220
_d38220